000 00486cam a2200205ua 4500
001 8856
005 20260515114405.0
008 150216n ii |||gr||||Z||||||eng
020 _a8185392242
040 _cMAIN
041 _aeng
082 _a809
100 _aO`Neill, J,
_eEditor
245 1 _aCritics on Keats
_cEdited by J. O`Neill
250 _a1st.
260 _aNew Delhi:
_bUniversal,
_c1994.
300 _a116p.
653 _aHistory, description & criticism
942 _cBK
999 _c7944
_d7944